All Minecraft Biomes - Statistics

General Stats
  • This quiz has been taken 27 times
  • The average score is 9 of 18
Answer Stats
Hint Answer % Correct
D Desert
80%
F Forest
80%
J Jungle
80%
P Plains
80%
O Ocean
76%
E End
68%
N Nether
68%
T Taiga
68%
B Badlands
52%
S Swamp
48%
D Dark Forest
40%
M Mountains
36%
O Overworld
28%
M Mushroom Fields
24%
S Snowy Tundra
24%
C Caves
20%
L Lush Caves
12%
G Giant Tree Taiga
8%
No matching quizzes found
Score Distribution
Percent of People with Each Score
Percentile by Number Answered
Your Score History
You have not taken this quiz